000 00495cam a2200193ua 4500
001 2477
008 110823n ii |||gr||||Z||||||eng
020 _a81-212-0839-4
040 _cMAIN
082 _a398.09145
100 1 _aDas, B. M.,
_eAuthor.
245 1 _aPeople of assam origin and composition
_cby B. M. Das
250 _a2nd.
260 _aNew Delhi:
_bGyan Publishing House,
_c2003.
300 _a186p:
_bill;
_c23cm.
653 _aFolklore
653 _aAssamese culture
942 _cBK
999 _c2332
_d2332